| 000 | 00592nam a2200193 a 4500 | ||
|---|---|---|---|
| 005 | 20251205063949.0 | ||
| 008 | 991125s1980 mx 000 0 spa u | ||
| 035 | _aUPN01000001705 | ||
| 049 | _aF | ||
| 050 | 4 |
_aLB1025 _bD5 no.5 |
|
| 100 | 1 |
_aGutiérrez Sáenz, Raúl _935141 |
|
| 245 | 1 | 0 |
_aAlgunos aspectos del arte de enseñar / _cRaúl Gutiérrez Sáenz. |
| 260 |
_aMéxico : _bUniversidad Iberoamericana, Centro de Didáctica, _c1980. |
||
| 300 | _a9 p. | ||
| 440 | 0 |
_aDIDAC. _pBoletín ; _v5 |
|
| 650 | 4 |
_aAprendizaje _92861 |
|
| 650 | 4 |
_aEnseñanza _vColecciones _921467 |
|
| 905 | _aLibro | ||
| 999 |
_c1705 _d1705 |
||